000 nam a22 7a 4500
999 _c8761
_d8761
008 180119b ||||| |||| 00| 0 eng d
100 _aKishnani M
_95102
245 _aTogether Lab Manual Science
260 _aRachna Publication
_bNew Delhi
_c2008